000 00610cam a2200229 4500
008 090401t1990 xxu||||| |||| 00| 0 eng d
020 _a0112428916
035 _a(Sirsi) u64000
041 _aeng
050 _a630.0212
110 _aMinistry of Agriculture
_91876
245 _aFarm incomes in the United Kingdom 1990 edition
260 _aLondon
_bHMSO
_c1990
300 _av,124p. : ill.,maps ; 30cm.
350 _a16.7
520 _aBased on the Farm Business Survey .
650 _aFARMING
650 _aSTATISTICS
710 _aFisheries and Food
_91879
942 _n0
948 _c04/03/1997
999 _c94633
_d94633